Matematika 2

Bibliographic Details
Main Authors: Bálint, Vojtech, 1946- (Author), Grešák, Pavol, 1936- (Author), Novotný, Pavel (Author)
Format: Book
Language:Slovak
PhysicalDescription:123 s. sch., tab. 30 cm
Published: V Žiline Žilinská univerzita 2001
ISBN:807100815X
Edition:3. vyd.
Subjects:

MARC

LEADER 00000nam a2200000 a 4500
001 vtls001424971
003 SK-MaSNL
005 20260302035401.0
008 240318s2001 xo ap r 000 0 slo
015 |a SNBA2002/07-02520 
020 |a 807100815X 
035 |a SNK000379854 
035 |a urn:nbn:sk:snk-amyetl 
035 |a urn:nbn:sk:snk-am00chma 
035 |a AD71C851-1E9F-40D6-9A68-480CC16B9FED 
040 |a SNK  |b slo  |c SNK  |e AACR2 
041 0 |a slo 
044 |a xo  |c SK 
080 |a 517(075.8)  |2 1981 
100 1 |a Bálint, Vojtech,  |d 1946-  |4 aut  |9 258259 
245 1 0 |a Matematika  |n 2  |c Vojtech Bálint, Pavol Grešák, Pavel Novotný 
250 |a 3. vyd. 
260 |a V Žiline  |b Žilinská univerzita  |c 2001 
300 |a 123 s.  |b sch., tab.  |c 30 cm 
500 |a 500 výt. 
504 |a Bibliogr. s. 123 
650 0 7 |a matematika  |2 SNKPH  |9 70174 
655 7 |a učebnice vysokých škôl  |2 SNKPH  |9 70191 
700 1 |a Grešák, Pavol,  |d 1936-  |4 aut  |9 258257 
700 1 |a Novotný, Pavel  |4 aut  |9 6392 
752 |a Slovensko  |d Žilina 
919 |a 80-7100-815-X 
958 |a NB 
958 |a OND 
999 |c 1070421  |d 1072351 
952 |t P60, <03>, [BOOK], {603}  |a SNK  |b SNK  |y PREZ  |7 0  |p 17A0324367  |o snkSB 64217/2  |i snkKSP 13384/2001  |0 0  |1 0  |4 0  |d 2001-11-27  |f 1  |l 0  |r 2025-04-17 00:00:00  |w 2026-02-24 
952 |t P60, <04>, [BOOK], {604}  |a SNK  |b SNK  |y VYP  |7 0  |p 17A0324368  |o snkSB 64217/2 D1  |i snkKSP 13385/2001  |0 0  |1 0  |4 0  |d 2001-11-27  |l 0  |r 2005-01-02 00:00:00  |w 2026-02-24